| 000 | 01897cam a22004214a 4500 | ||
|---|---|---|---|
| 001 | 14764378 | ||
| 003 | OSt | ||
| 005 | 20140310181724.0 | ||
| 008 | 070309s2007 ctua b 001 0 eng | ||
| 010 | _a 2007010417 | ||
| 015 |
_aGBA706252 _2bnb |
||
| 016 | 7 |
_a013650375 _2Uk |
|
| 020 | _a9780300124927 | ||
| 035 | _a(OCoLC)ocm80331815 | ||
| 035 | _a(OCoLC)80331815 | ||
| 040 |
_aDLC _cDLC _dUKM _dBTCTA _dBAKER _dYDXCP _dBWKUK _dBWK _dIXA _dVP@ _dDLC |
||
| 050 | 0 | 0 |
_aQA 465 _b.T38 2007 |
| 082 | 0 | 0 |
_aIB 530.809 _bT19 2007 |
| 100 | 1 | _aTavernor, Robert. | |
| 245 | 1 | 0 |
_aSmoot's ear : _bthe measure of humanity / _cRobert Tavernor. |
| 260 |
_aNew Haven [Conn.] ; _aLondon : _bYale University Press, _cc2007. |
||
| 300 |
_axvi, 249 p. : _bill. ; _c22 cm. |
||
| 504 | _aIncludes bibliographical references (p. [211]-235) and index. | ||
| 505 | 0 | _aIntroduction : measure and meaning -- Body and measure -- Science and measure -- Defining the revolutionary metric system -- The decisive separation -- Anglo-Saxon resistance -- Measures of pure conception. | |
| 521 | _aIB Students | ||
| 541 | _j1 | ||
| 562 | _eFor circulation. 1 copy available in the circulation | ||
| 650 | 0 |
_aMeasurement _xHistory. |
|
| 650 | 0 |
_aMetrology _xHistory. |
|
| 650 | 0 |
_aMeasurement _xStandards. |
|
| 650 | 0 |
_aMetric system _xHistory. |
|
| 856 | 4 | 1 |
_3Table of contents only _uhttp://www.loc.gov/catdir/toc/ecip0713/2007010417.html |
| 856 | 4 | 2 |
_3Contributor biographical information _uhttp://www.loc.gov/catdir/enhancements/fy0833/2007010417-b.html |
| 856 | 4 | 2 |
_3Publisher description _uhttp://www.loc.gov/catdir/enhancements/fy0833/2007010417-d.html |
| 906 |
_a7 _bcbc _corignew _d1 _eecip _f20 _gy-gencatlg |
||
| 942 |
_2lcc _cIB _kIB |
||
| 999 |
_c2105 _d2105 |
||